Finance accounts (Record no. 716005)

MARC details
000 -LEADER
fixed length control field 01008nam a2200289 a 4500
001 - CONTROL NUMBER
control field vtls001347379
003 - CONTROL NUMBER IDENTIFIER
control field NLI
005 - DATE AND TIME OF LATEST TRANSACTION
control field 20210627080940.0
008 - FIXED-LENGTH DATA ELEMENTS--GENERAL INFORMATION
fixed length control field 120623m1938uuuuii s000 0 eng
039 #9 - LEVEL OF BIBLIOGRAPHIC CONTROL AND CODING DETAIL [OBSOLETE]
-- 201206231932
-- VLOAD
040 ## - CATALOGING SOURCE
Original cataloging agency NLI
Language of cataloging eng
Transcribing agency Datasoft_IOD_S
Description conventions AACR2
041 0# - LANGUAGE CODE
Language code of text/sound track or separate title eng
044 ## - COUNTRY OF PUBLISHING/PRODUCING ENTITY CODE
MARC country code ii
082 04 - DEWEY DECIMAL CLASSIFICATION NUMBER
Classification number 336.5451
110 1# - MAIN ENTRY--CORPORATE NAME
Corporate name or jurisdiction name as entry element Madras (India).
Subordinate unit Office of the Comptroller and Editor General
245 10 - TITLE STATEMENT
Title Finance accounts
Inclusive dates 1937-38 and the audit report 1938 /
Statement of responsibility, etc. Office of the Comptroller and Editor General.Goverment of Madras
260 ## - PUBLICATION, DISTRIBUTION, ETC.
Place of publication, distribution, etc. New Delhi :
Name of publisher, distributor, etc. Manager Publications Press,
Date of publication, distribution, etc. 1938-
300 ## - PHYSICAL DESCRIPTION
Extent -v. ;
Dimensions 24 cm.
500 ## - GENERAL NOTE
General note Library has 1937-1967
650 #0 - SUBJECT ADDED ENTRY--TOPICAL TERM
Topical term or geographic name entry element Finance, Public
Geographic subdivision India
-- Madras
9 (RLIN) 752604
651 #0 - SUBJECT ADDED ENTRY--GEOGRAPHIC NAME
Geographic name Madras (India)
General subdivision Economic policy
887 ## - NON-MARC INFORMATION FIELD
Content of non-MARC field
901 ## - LOCAL DATA ELEMENT A, LDA (RLIN)
a IMP23871 date
b 16.03.2010
9 1939-1940 and 1940
902 ## - LOCAL DATA ELEMENT B, LDB (RLIN)
a GP 336.5451 M 267 f
949 ## - LOCAL PROCESSING INFORMATION (OCLC)
-- VIRTUAITEM
-- 10002
-- 100
6 IMP000023871ENG
9 1939-1940 and 1940
942 ## - ADDED ENTRY ELEMENTS (KOHA)
Source of classification or shelving scheme Dewey Decimal Classification
Koha item type Books
Holdings
Withdrawn status Lost status Damaged status Not for loan Collection code Home library Current library Shelving location Date acquired Total Checkouts Full call number Barcode Date last seen Price effective from Koha item type
        Government Publications National Library of India National Library of India Annexe Reading Room & Stack Division     GP 336.5451 M 267 f IMP000023871ENG 27/06/2021 27/06/2021 Books
                                                                           
web counter

Copyright ©2020 The National Library of India, Govt. of India ↔ Hosted by NVLI, MOC ↔ Technology and Design by National Library of India, Ministry of Culture, Govt. of India